<?xml version="1.0" encoding="UTF-8"?>
<record
    xmlns:xsi="http://www.w3.org/2001/XMLSchema-instance"
    xsi:schemaLocation="http://www.loc.gov/MARC21/slim http://www.loc.gov/standards/marcxml/schema/MARC21slim.xsd"
    xmlns="http://www.loc.gov/MARC21/slim">

  <leader>00433nam a22001577a 4500</leader>
  <controlfield tag="003">SGT</controlfield>
  <datafield tag="020" ind1=" " ind2=" ">
    <subfield code="a">9798887400716</subfield>
  </datafield>
  <datafield tag="082" ind1=" " ind2=" ">
    <subfield code="a">615.6</subfield>
    <subfield code="b">D22Z</subfield>
  </datafield>
  <datafield tag="100" ind1=" " ind2=" ">
    <subfield code="a">ZHANG, LYDA,ed.</subfield>
  </datafield>
  <datafield tag="245" ind1=" " ind2=" ">
    <subfield code="a">DRUG DELIVERY :EVALUATION, FORMULATION AND MECHANISMS</subfield>
  </datafield>
  <datafield tag="260" ind1=" " ind2=" ">
    <subfield code="a">NEW YORK</subfield>
    <subfield code="b">AMERICAN MEDICAL PUBLISHER</subfield>
    <subfield code="c">2022</subfield>
  </datafield>
  <datafield tag="300" ind1=" " ind2=" ">
    <subfield code="a">241</subfield>
  </datafield>
  <datafield tag="650" ind1=" " ind2=" ">
    <subfield code="a">DRUG DELIVERY</subfield>
  </datafield>
  <datafield tag="653" ind1=" " ind2=" ">
    <subfield code="a">DRUG, DELIVERY, EVALUATION, FORMULATION , MECHANISMS</subfield>
  </datafield>
  <datafield tag="942" ind1=" " ind2=" ">
    <subfield code="2">ddc</subfield>
    <subfield code="c">BK</subfield>
  </datafield>
  <datafield tag="952" ind1=" " ind2=" ">
    <subfield code="0">0</subfield>
    <subfield code="1">0</subfield>
    <subfield code="2">ddc</subfield>
    <subfield code="4">0</subfield>
    <subfield code="7">0</subfield>
    <subfield code="8">FP</subfield>
    <subfield code="a">APL</subfield>
    <subfield code="b">APL</subfield>
    <subfield code="c">REF</subfield>
    <subfield code="d">2024-09-28</subfield>
    <subfield code="e">AHUJA</subfield>
    <subfield code="g">13453.00</subfield>
    <subfield code="i">SGTU</subfield>
    <subfield code="l">0</subfield>
    <subfield code="o">615.6 D22Z</subfield>
    <subfield code="p">FP5104</subfield>
    <subfield code="r">2024-09-28 00:00:00</subfield>
    <subfield code="w">2024-09-28</subfield>
    <subfield code="y">BK</subfield>
    <subfield code="k">13192</subfield>
  </datafield>
  <datafield tag="999" ind1=" " ind2=" ">
    <subfield code="c">27022</subfield>
    <subfield code="d">27022</subfield>
  </datafield>
</record>
